The working classes of silk weaving in kosdach commune mukapoul district kandal province, សិប្បកម្មដំម្បាញសូត្រនៅឃុំកោះដាច់ស្រុកមុខកំពូល ខេត្តកណ្ដាល (Record no. 4291)
[ view plain ]
| 000 -LEADER | |
|---|---|
| fixed length control field | 00627nam a22001577a 4500 |
| 003 - CONTROL NUMBER IDENTIFIER | |
| control field | OSt |
| 005 - DATE AND TIME OF LATEST TRANSACTION | |
| control field | 20151209153401.0 |
| 008 - FIXED-LENGTH DATA ELEMENTS--GENERAL INFORMATION | |
| fixed length control field | 151209b xxu||||| |||| 00| 0 eng d |
| 040 ## - CATALOGING SOURCE | |
| Transcribing agency | RUA |
| 082 ## - DEWEY DECIMAL CLASSIFICATION NUMBER | |
| Classification number | ATM LOR 2009 B196 Or.1 |
| 100 ## - MAIN ENTRY--PERSONAL NAME | |
| 9 (RLIN) | 4607 |
| Personal name | LORN, VICHEKA. |
| 245 ## - TITLE STATEMENT | |
| Title | The working classes of silk weaving in kosdach commune mukapoul district kandal province, សិប្បកម្មដំម្បាញសូត្រនៅឃុំកោះដាច់ស្រុកមុខកំពូល ខេត្តកណ្ដាល |
| 260 ## - PUBLICATION, DISTRIBUTION, ETC. (IMPRINT) | |
| Place of publication, distribution, etc. | Phnom Penh |
| Name of publisher, distributor, etc. | RUA |
| Date of publication, distribution, etc. | 2008 |
| 300 ## - PHYSICAL DESCRIPTION | |
| Extent | ix; 54p. |
| Other physical details | ill. |
| Dimensions | 29cm. |
| 942 ## - ADDED ENTRY ELEMENTS (KOHA) | |
| Source of classification or shelving scheme | |
| Koha item type | ATM |
| Price effective from | Date last seen | Permanent Location | Not for loan | Date acquired | Source of classification or shelving scheme | Koha item type | Lost status | Withdrawn status | Date last checked out | Total Checkouts | Shelving location | Damaged status | Barcode | Current Location | Full call number |
|---|---|---|---|---|---|---|---|---|---|---|---|---|---|---|---|
| 2015-12-09 | 2015-12-09 | Library Block B | 2015-12-09 | ATM | B196 | RUA038481 | Library Block B | ATM LOR 2009 B196 Or.1 | |||||||
| 2015-12-09 | 2016-07-26 | Library Block B | 2015-12-09 | ATM | 2016-07-08 | 1 | B196 | RUA039312 | Library Block B | ATM LOR 2009 B196 Or.2 | |||||
| 2015-12-09 | 2015-12-09 | Library Block B | 2015-12-09 | ATM | B196 | RUA038317 | Library Block B | ATM LOR 2009 B196 Or.3 | |||||||
| 2015-12-09 | 2015-12-09 | Library Block B | 2015-12-09 | ATM | B196 | RUA039195 | Library Block B | ATM LOR 2009 B196 Or.4 | |||||||
| 2015-12-09 | 2015-12-09 | Library Block B | 2015-12-09 | ATM | B196 | RUA038956 | Library Block B | ATM LOR 2009 B196 Or.5 | |||||||
| 2015-12-09 | 2015-12-09 | Library Block B | 2015-12-09 | ATM | B196 | RUA038953 | Library Block B | ATM LOR 2009 B196 Or.6 |